000 00227 a2200097 4500
999 _c273622
_d273622
001 38549
003 NUST
005 20180118194404.0
008 180118b xxu||||| |||| 00| 0 eng d
082 _a658
100 _aBeer F.P
_99002
245 _aOperations management, 2nd Ed
260 _aUSA
_bMcGraw Hill
_c1996
942 _aNUST-CAE
_cBK
_cBK
_2ddc